Best construction prospects for 40 years (Record no. 70583)

MARC details
000 -LEADER
fixed length control field 01156cam a2200229 4500
001 - CONTROL NUMBER
control field WB3823-04
008 - FIXED-LENGTH DATA ELEMENTS--GENERAL INFORMATION
fixed length control field 020626n2002 000 0 eng u
035 ## - SYSTEM CONTROL NUMBER
System control number (Sirsi) u118538
245 ## - TITLE STATEMENT
Title Best construction prospects for 40 years
260 ## - PUBLICATION, DISTRIBUTION, ETC.
Date of publication, distribution, etc. 2002
490 ## - SERIES STATEMENT
Series statement Construction Products Association Press Release
Volume/sequential designation 24 June 2002, (2)
520 ## - SUMMARY, ETC.
Summary, etc. The Construction Products Association has forecast that construction output growth is set to outperform the general economy for four consecutive years, for the first time in 40 years. Growth is predicted to average 3.5% per year, dependant on Government plans for greater investment in social housing, schools, hospitals and transport. However, doubts over Governmentαs ability to deliver ambitious spending plans have been raised, due to uneven implementation of the Government initiatives. http://www.constprod.org.uk/download/pr/cf%2021.06.02.doc
590 ## - LOCAL NOTE (RLIN)
Local note WB
650 ## - SUBJECT ADDED ENTRY--TOPICAL TERM
Topical term or geographic name entry element CONSTRUCTION OUTPUT
650 ## - SUBJECT ADDED ENTRY--TOPICAL TERM
Topical term or geographic name entry element CONSTRUCTION GROWTH
650 ## - SUBJECT ADDED ENTRY--TOPICAL TERM
Topical term or geographic name entry element FORECASTS
650 ## - SUBJECT ADDED ENTRY--TOPICAL TERM
Topical term or geographic name entry element ECONOMY
650 ## - SUBJECT ADDED ENTRY--TOPICAL TERM
Topical term or geographic name entry element GOVERNMENT SPENDING
650 ## - SUBJECT ADDED ENTRY--TOPICAL TERM
Topical term or geographic name entry element CONSTRUCTION SECTOR
690 ## - LOCAL SUBJECT ADDED ENTRY--TOPICAL TERM (OCLC, RLIN)
Topical term or geographic name as entry element BUILT ENVIRONMENT
942 ## - ADDED ENTRY ELEMENTS (KOHA)
Suppress in OPAC 0
Holdings
Withdrawn status Lost status Source of classification or shelving scheme Damaged status Not for loan Home library Current library Shelving location Date acquired Total Checkouts Full call number Barcode Date last seen Copy number Price effective from Koha item type
    Dewey Decimal Classification     London London News article 26/06/2002   WB3823-04 118538-1001 06/08/2019 1 06/08/2019 News article